British colonial policy in the age of Peel and Russell /

Bibliographic Details
Main Author: Morrell, W. P. (William Parker), 1899-1986
Format: Book
Language:English
Published: New York : Barnes & Noble, 1966.
Subjects:

MARC

Tag First Indicator Second Indicator Subfields
LEADER 00000cam a2200000 i 4500
001 in00000068707
005 20151008050256.0
008 771212r19661930nyu b 00100 eng d
010 |a  66003909  
035 |a (OCoLC)03486866 
035 |9 AAG0249AM 
040 |a IQU  |c IQU  |d TXA  |d UtOrBLW 
049 |a TXAM  |c [463223] 
050 0 |a JV1017  |b .M6 1966 
092 |a 325.342  |b M873b 
100 1 |a Morrell, W. P.  |q (William Parker),  |d 1899-1986. 
245 1 0 |a British colonial policy in the age of Peel and Russell /  |c W. P. Morrell. 
264 1 |a New York :  |b Barnes & Noble,  |c 1966. 
300 |a xii, 554 pages ;  |c 22 cm. 
336 |a text  |b txt  |2 rdacontent 
337 |a unmediated  |b n  |2 rdamedia 
338 |a volume  |b nc  |2 rdacarrier 
500 |a Includes index. 
504 |a Bibliography: pages [533]-540. 
600 1 0 |a Peel, Robert,  |d 1788-1850. 
600 1 0 |a Russell, John Russell,  |c Earl,  |d 1792-1878. 
600 1 0 |a Grey, Henry George Grey,  |c Earl,  |d 1802-1894. 
651 0 |a Great Britain  |x Colonies  |x Administration. 
651 0 |a Great Britain  |x Colonies  |x History. 
999 |a MARS 
999 f f |s b4d05c81-0448-3ede-927c-186a7c4792a6  |i 110cf0fd-3bb2-33af-a0e9-bb9597cb687e  |t 0 
952 f f |p ric  |a Texas A&M University  |b Rellis Campus  |c Joint Library Facility  |d Remote Storage  |t 0  |e JV1017 .M6 1966  |h Library of Congress classification  |i unmediated -- volume  |m A14800671531 
998 f f |a JV1017 .M6 1966  |t 0  |l Remote Storage